Southville International School and Colleges
Your cart is empty.
  • Cart
  • Lists
    Public lists Eva Luna New books Lux_list list_1
    Your lists Log in to create your own lists
  • Log in to your account
  • Your cookies
  • Search history
Southville International School and Colleges
  • Advanced search
  • Recent comments
  • Most popular
  • Libraries

Log in to your account

Log in with GOOGLE


If you do not have an external account, but do have a local account, you can still log in:

  1. Home
  2. MARC view: Managing in the new team environment :
Normal view MARC view ISBD view

Managing in the new team environment : (Record no. 15915)

[ view plain ]
MARC details
000 -LEADER
fixed length control field 00939cam a2200289 a 4500
001 - CONTROL NUMBER
control field 1051132
003 - CONTROL NUMBER IDENTIFIER
control field OSt
005 - DATE AND TIME OF LATEST TRANSACTION
control field 20140310182758.0
008 - FIXED-LENGTH DATA ELEMENTS--GENERAL INFORMATION
fixed length control field 900312s1991 mau 000 0 eng
010 ## - LIBRARY OF CONGRESS CONTROL NUMBER
LC control number 90000415
020 ## - INTERNATIONAL STANDARD BOOK NUMBER
International Standard Book Number 9710850601
040 ## - CATALOGING SOURCE
Original cataloging agency DLC
Transcribing agency DLC
Modifying agency DLC
050 00 - LIBRARY OF CONGRESS CALL NUMBER
Classification number HD 66
Item number .H57 1991
100 1# - MAIN ENTRY--PERSONAL NAME
Personal name Hirschhorn, Larry.
245 10 - TITLE STATEMENT
Title Managing in the new team environment :
Remainder of title skills, tools, and methods /
Statement of responsibility, etc Larry Hirschhorn.
260 ## - PUBLICATION, DISTRIBUTION, ETC. (IMPRINT)
Place of publication, distribution, etc Reading, Mass. :
Name of publisher, distributor, etc Addison-Wesley,
Date of publication, distribution, etc 1991.
300 ## - PHYSICAL DESCRIPTION
Extent 101 p. :
Dimensions 21 cm.
490 1# - SERIES STATEMENT
Series statement Addison Wesley OD series
521 ## - TARGET AUDIENCE NOTE
Target audience note
562 ## - COPY AND VERSION IDENTIFICATION NOTE
Number of copies For circulation. 1 copy available in the collection
650 #0 - SUBJECT ADDED ENTRY--TOPICAL TERM
Topical term or geographic name as entry element Teams in the workplace
General subdivision Management.
830 #0 - SERIES ADDED ENTRY--UNIFORM TITLE
Uniform title Addison-Wesley series on organization development.
906 ## - LOCAL DATA ELEMENT F, LDF (RLIN)
a 7
b cbc
c orignew
d 1
e ocip
f 19
g y-gencatlg
942 ## - ADDED ENTRY ELEMENTS (KOHA)
Source of classification or shelving scheme Library of Congress Classification
Koha item type Books
Call number prefix Foreign
Holdings
Withdrawn status Lost status Source of classification or shelving scheme Damaged status Home library Current library Shelving location Date acquired Total Checkouts Full call number Barcode Date last seen Copy number Price effective from Koha item type
    Library of Congress Classification   College Library College Library General Circulation Section 02/11/2013   HD 66 .H57 1991 C6635 05/15/2018 1 02/11/2013 Books

Managing in the new team environment :

APA

Hirschhorn L., . (1991). Managing in the new team environment. Reading, Mass: Addison-Wesley.

Chicago

Hirschhorn Larry, . 1991. Managing in the new team environment. Reading, Mass: Addison-Wesley.

Harvard

Hirschhorn L., . (1991). Managing in the new team environment. Reading, Mass: Addison-Wesley.

MLA

Hirschhorn Larry, . Managing in the new team environment. Reading, Mass: Addison-Wesley. 1991.

  • Place hold
  • Print
  • Cite
  • Add to your cart (remove)
  • Save record
    BIBTEX Dublin Core MARCXML MARC (non-Unicode/MARC-8) MARC (Unicode/UTF-8) MARC (Unicode/UTF-8, Standard) MODS (XML) RIS
  • More searches
    Search for this title in:
    Other Libraries (WorldCat) Other Databases (Google Scholar) Online Stores (Bookfinder.com) Open Library (openlibrary.org)

Exporting to Dublin Core...

SOUTHVILLE LIBRARY

Southville International School and Colleges Library

1281 Tropical Ave. Cor. Luxembourg St., BF Homes International, Las Pinas City

Tel. No. 8256374 / 252358 Loc. 117/146

Powered by Koha